000 00626cam a22002053a 4500
001 39204
003 PGUSA
005 20140828083854.0
008 120319s2012||||xxu|||||s|||||000 | eng d
040 _aPGUSA
_beng
042 _adc
100 1 _aLincoln, Abraham,
_d1809-1865
245 1 4 _aThe Lincoln Year Book :
_bAxioms and Aphorisms from the Great Emancipator
_h[electronic resource] /
_cAbraham Lincoln
260 _bProject Gutenberg,
_c2012
506 _aPublic domain in the USA.
516 _aElectronic text
830 0 _aProject Gutenberg
_v39204
856 4 0 _uhttp://www.gutenberg.org/ebooks/39204
942 _cEB
999 _c268457
_d268457